| 000 | 00776nam a2200205 a 4500 | ||
|---|---|---|---|
| 001 | 000041077 | ||
| 005 | 20201002034611.0 | ||
| 008 | 130917s1998 sp 000 0 spa d | ||
| 020 | _a8400077318 | ||
| 040 |
_aDO-SdBNP _bspa _cBNPHU |
||
| 100 | 1 |
_aJurado, José _915363 |
|
| 245 | 1 | 0 |
_aproblemas paleográficos : _bproblemas paleográficos / _cJosé Jurado. |
| 260 |
_aMadrid : _bConsejo Superior de Invesigaciones Científicas, _c1998. |
||
| 300 |
_a322 p. ; _c25 cm. |
||
| 490 | 1 |
_aBiblioteca de Filología Hispánica ; _v19 |
|
| 504 | _aBibliografía : p. 13-22 | ||
| 504 | _aIncluye referencia bibliográficos y notas al pie de las páginas | ||
| 710 | 2 |
_aConsejo Superior de Invesigaciones Científicas _967474 |
|
| 830 | 0 |
_aBiblioteca de Filología Hispánica _n19 _967582 |
|
| 999 |
_c40567 _d40567 |
||